| 000 | 01152nam a2200313 i 4500 | ||
|---|---|---|---|
| 001 | 67485 | ||
| 003 | ES-MaACL | ||
| 005 | 20230906170101.0 | ||
| 007 | t| | ||
| 008 | 040601s2003 sp f ||||0| spa d | ||
| 020 | _a84-8432-438-9 | ||
| 080 | _a343.261-052:321.64(460)"1939/75" | ||
| 080 | _a343.819.5(460)"1936/39" | ||
| 080 | _a94(460)"1936/39" | ||
| 245 | 0 | 4 |
_aUna inmensa prisión _b: los campos de concentración y las prisiones durante la guerra civil y el franquismo / _cC. Molinero, M. Sala y J. Sobrequés, eds. ; prólogo de Josep Fontana. |
| 260 |
_aBarcelona : _bCrítica, _c[2003] |
||
| 300 |
_aXXIV, 358, [8] p. de lám ; _c24 cm. |
||
| 490 | 1 | _aCrítica contrastes | |
| 500 | _aÍndice. | ||
| 504 | _aBibliografía: p. [267]-342. | ||
| 650 | 4 |
_aEstablecimientos penitenciarios- _zEspaña- _y1939-1975. _912515 |
|
| 651 | 4 |
_aEspaña- _xHistoria- _y1936-1939, Guerra civil- _xPrisioneros. _98324 |
|
| 700 | 1 |
_aMolinero, Carme. _981994 |
|
| 700 | 1 |
_aSala, Margarida. _9101650 |
|
| 700 | 1 |
_aSobrequés i Callicó, Jaume. _9106997 |
|
| 830 | 0 |
_aCrítica contrastes _9180307 |
|
| 852 |
_aES-MaACL _jL-27720 |
||
| 999 |
_c67485 _d67485 |
||